000 01456cam a2200289 a 4500
001 12128341
003 OSt
005 20220112123056.0
008 000802s2000 sz a b i001 0 eng
010 _a 00393455
020 _a188512306X
040 _aDLC
_cDLC
_dDLC
050 0 0 _aHG4910.H48
082 0 0 _a332.67/8
245 0 0 _aHelping employees understand investment risk. /
_cComplied by: Ruth Hughes-Guden and Drew W. Demakis
246 _aA primer for asset allocation decisions
260 _aWashington Depot, CT:
_bInvestors Press,
_c1996.
300 _a127 p. :
_bill. ;
505 _aContents: Introduction -- The Psychologies of risk -- Pictures of risk for the DC Investor -- How to educate employees about investment risk: what works, what doesn't, what plan sponsors need to think about -- How to build a successful communications and education program: problems plan sponsors share -- How to solve the problems -- How to get your employees' attention -- How to educate employees' about investment risk: separate the myths from the realities -- How to communicate core investment concepts -- The Big picture: Mapping your strategy --
653 _aInvestments.
653 _a Risk.
700 _qHughes-Guden, Ruth
700 _qDemakis, Drew W.
906 _a7
_bcbc
_corignew
_d3
_encip
_f20
_gy-gencatlg
942 _2lcc
_cBK
999 _c8381
_d15881